Govt. of
Madhya Pradesh

धर्म (Record no. 67524)

MARC details
000 -LEADER
fixed length control field 00306nam a22001097a 4500
082 ## - DEWEY DECIMAL CLASSIFICATION NUMBER
Classification number 891.433/AMI
100 ## - MAIN ENTRY--AUTHOR NAME
Personal name अमीश
245 ## - TITLE STATEMENT
Title धर्म
260 ## - PUBLICATION, DISTRIBUTION, ETC. (IMPRINT)
Place of publication गुरुग्राम
Name of publisher हार्पर पब्लिकैशन
Year of publication 2024upm
650 ## - SUBJECT ADDED ENTRY--TOPICAL TERM
Topical Term उपन्यास
942 ## - ADDED ENTRY ELEMENTS (KOHA)
Koha item type Hindi Books
Holdings
Withdrawn status Lost status Damaged status Not for loan Home library Current library Date acquired Cost, normal purchase price Full call number Accession Number Price effective from Koha item type
        MACL MACL 23/10/2024 299.00 891.433/AMI DPI002842 23/10/2024 Hindi Books